The general problem of approximation and spline functions /

Guardado en:
Autor Principal: Holland, A. S. B.
Otros Autores: Sahney, Badri N.
Formato: Libro
Idioma:English
Publicado: Huntington, N.Y. : R. E. Krieger, 1979.
Series:Applied mathematics series
Materias:
Etiquetas: Agregar Etiqueta
Sin Etiquetas, Sea el primero en etiquetar este registro!
LEADER 00867cam a2200253 a 4500
001 MAT.inmabb004933
008 770630s1979####nyu######b####001#0#eng##
005 20130315000353.0
245 1 4 |a The general problem of approximation and spline functions /  |c by A. S. B. Holland and B. N. Sahney. 
260 |a Huntington, N.Y. :  |b R. E. Krieger,  |c 1979. 
300 |a viii, 344 p. ;  |c 24 cm. 
490 0 |a Applied mathematics series 
504 |a Incluye referencias bibliográficas (p. 281-335) e índices. 
510 4 |a MR,  |c 80j:41001 
020 |a 0882755986 
100 1 |a Holland, A. S. B.  |q (Anthony S. B.) 
700 1 |a Sahney, Badri N. 
650 0 |a Spline theory. 
650 0 |a Approximation theory. 
650 0 |a Functions, Continuous. 
084 |a 41-01 (41A15)  |2 msc2000 
010 |a  77024577  
040 |a DLC  |c DLC  |d DLC 
859 |h 41  |i H734  |p A-6651  |b BIB. MATEMATICA